| Tag |
First Indicator |
Second Indicator |
Subfields |
| LEADER |
00000nam a2200000 a 4500 |
| 001 |
in00005504608 |
| 006 |
m o d |
| 007 |
cr||n||||||||n |
| 008 |
150625s2015||||nyu|||||o|||||||||||eng|| |
| 005 |
20241008175936.3 |
| 020 |
|
|
|a 9780071822381 (print ISBN)
|
| 020 |
|
|
|a 0071822380 (print ISBN)
|
| 035 |
|
|
|a scn00100188
|
| 050 |
|
4 |
|a TK7871.67.A33
|b G767 2015
|
| 082 |
0 |
4 |
|a 621.382/4
|2 23
|
| 100 |
1 |
|
|a Gross, Frank B.,
|e author.
|
| 245 |
1 |
0 |
|a Smart antennas with MATLAB?, Second Edition /
|c Frank B Gross.
|
| 250 |
|
|
|a 2nd edition.
|
| 260 |
|
|
|a New York, N.Y. :
|b McGraw-Hill Education LLC.,
|c c2015.
|
| 300 |
|
|
|a 1 online resource (xvii, 377 pages) :
|b illustrations, figs., tables.
|
| 336 |
|
|
|a text
|b txt
|2 rdacontent
|
| 337 |
|
|
|a computer
|b c
|2 rdamedia
|
| 338 |
|
|
|a online resource
|b cr
|2 rdacarrier
|
| 504 |
|
|
|a Includes bibliographical references and indexes.
|
| 505 |
0 |
|
|a A. About the author -- B. Preface -- Examples and solutions on the web -- For instructors -- C. Acknowledgments -- 1. Introduction -- What is a smart antenna? -- Why are smart antennas emerging now? -- What are the benefits of smart antennas? -- Smart antennas involve many disciplines -- Overview of the book -- References -- 2. Fundamentals of electromagnetic fields -- Maxwell's equations -- The helmholtz wave equation -- Propagation in rectangular coordinates -- Propagation in spherical coordinates -- Electric field boundary conditions -- Magnetic field boundary conditions -- Planewave reflection and transmission coefficients -- Propagation over flat earth -- Knife-edge diffraction -- References -- Problems -- 3. Antenna fundamentals -- Antenna field regions -- Power density -- Radiation intensity -- Basic antenna nomenclature -- Friis transmission formula -- Magnetic vector potential and the far field -- Linear antennas -- Loop antennas -- References -- Problems -- 4. Array fundamentals -- Linear arrays -- Array weighting -- Circular arrays -- Rectangular planar arrays -- Fixed beam arrays -- Fixed sidelobe canceling -- Retrodirective arrays -- References -- Problems -- 5. Principles of random variables and processes -- Definition of random variables -- Probability density functions -- Expectation and moments -- Common probability density functions -- Stationarity and ergodicity -- Autocorrelation and power spectral density -- Covariance matrix -- References -- Problems -- 6. Propagation channel characteristics -- Flat earth model -- Multipath propagation mechanisms -- Propagation channel basics -- Improving signal quality -- References -- Problems -- 7. Angle-of-arrival estimation -- Fundamentals of matrix algebra -- Array correlation matrix -- Aoa estimation methods -- References -- Problems -- 8. Smart antennas -- Introduction -- The historical development of smart antennas -- Fixed weight beamforming basics -- Adaptive beamforming -- References -- Problems -- 9. Direction finding -- Loop antennas -- Adcock dipole antenna array -- Modern df applied to adcock and cross-loop arrays -- Geolocation -- References/notes -- Problems -- 10. Vector sensors -- Introduction -- Vector sensor antenna array response -- Vector sensor direction finding -- Vector sensor beamforming -- Vector sensor cramer-rao lower bound -- Acknowledgment -- References -- Problems -- 11. Smart antenna design -- Introduction -- Global optimization algorithms -- Optimizing smart antenna arrays -- Adaptive nulling -- Nec in smart antenna design -- Evolutionary antenna design -- Current and future trends -- References -- Problems.
|
| 520 |
3 |
|
|a Fully revised for the latest advances in the field, this comprehensive professional reference offers a complete overview of the principles behind smart antenna design and operation and is the only book to addresses reconfigurable antennas and vector antennas.
|
| 530 |
|
|
|a Also issued in online version.
|
| 588 |
|
|
|a Description based on cover image and table of contents, viewed on Jun. 25, 2015.
|
| 630 |
0 |
0 |
|a MATLAB.
|
| 650 |
|
0 |
|a Adaptive antennas.
|
| 650 |
|
0 |
|a Adaptive antennas
|x Mathematics.
|
| 655 |
|
7 |
|a Electronic books.
|2 local
|
| 710 |
2 |
|
|a McGraw-Hill Companies.
|
| 856 |
4 |
0 |
|u http://proxy.library.tamu.edu/login?url=https://www.accessengineeringlibrary.com/content/book/9780071822381
|z Connect to the full text of this electronic book
|t 0
|
| 949 |
|
|
|a TK 7871.67.A33 G767 2015
|w LC
|c 1
|i 100188-1001
|d 06/25/2015
|l MAIN
|m MGH
|q 1
|r Y
|s Y
|t WEB
|u 06/25/2015
|x ENG
|
| 999 |
f |
f |
|s bad0c902-8726-494c-af99-42986d5ac79a
|i 4c5a519b-32ab-47c6-b557-152cfc3d22f1
|t 0
|
| 952 |
f |
f |
|a Texas A&M University
|b College Station
|c Electronic Resources
|d Available Online
|t 0
|e TK7871.67.A33 G767 2015
|h Library of Congress classification
|
| 998 |
f |
f |
|a TK7871.67.A33 G767 2015
|t 0
|l Available Online
|